Ľudský kapitál a výkonnosť ekonomiky dizertačná práca

Enregistré dans:
Détails bibliographiques
Auteur principal: Dobeš, Marek
Collectivité auteur: Národohospodárska fakulta EU. Katedra sociálneho rozvoja a práce
Autres auteurs: Rievajová, Eva
Format: Livre
Langue:slovaque
Publié: Bratislava 2001
Sujets:
Tags: Ajouter un tag
Pas de tags, Soyez le premier à ajouter un tag!

MARC

LEADER 00000nam a2200000 4500
001 c130112
005 20240104092320.5
041 0 |a slo 
044 |a SK 
245 1 0 |a Ľudský kapitál a výkonnosť ekonomiky  |b dizertačná práca  |c Marek Dobeš ; školiteľ: Eva Rievajová 
264 1 |a Bratislava  |c 2001 
300 |a 132 s. 
610 2 0 |a kapitál ľudský 
610 2 0 |a produkt domáci hrubý 
610 2 0 |a makroekonomika 
610 2 0 |a modelovanie 
610 2 0 |a porovnanie medzinárodné 
610 2 0 |a rast hospodársky 
100 1 |a Dobeš, Marek 
700 1 |a Rievajová, Eva 
710 2 |a Národohospodárska fakulta EU. Katedra sociálneho rozvoja a práce